004970000a220008500045001000020000002450022000203000041000425200270000837730058003531 aWinters, Alicia10aEl templo de Ageo aNum. 35-36 (2000), Páginas 206-214 aAunque el libro de Ageo es muchas veces despreciado como superficial o como promoviendo el judaísmo exclusivista, este libro más bien manifiesta una preocupación comunitaria con el templo como elemento clave en el mundo simbólico de la religiosidad popular.0 tRevista de Interpretación Bíblica Latinoamericana